000 00622cam a2200205 4500500
005 20260405001755.0
041 _afre
042 _adc
100 1 0 _aNassif, Philippe
_eauthor
700 1 0 _aNassif, Philippe
_eauthor
245 0 0 _aKierkegaard, professeur de rien-ĂȘtre
260 _c2014.
500 _a89
690 _aAuthenticité
690 _aKierkegaard
690 _aPascal Bruckner
690 _aVolonté
786 0 _nPhilosophie magazine | 81 | 7 | 2014-07-01 | p. 30-32 | 1951-1787
856 4 1 _uhttps://shs.cairn.info/magazine-philosophie-magazine-2014-7-page-30?lang=fr&redirect-ssocas=7080
999 _c2050962
_d2050962